| 000 | 00730nam a2200253Ia 4500 | ||
|---|---|---|---|
| 008 | 180523s9999 xx 000 0 und d | ||
| 020 | _a978-0-471-68789-4 | ||
| 050 | _aMAIN HF 5686.H75 | ||
| 050 | _b.J34 2007 | ||
| 100 | _aJageles, Martin G. | ||
| 245 | 0 | _aHospitality management accounting / | |
| 245 | 0 | _cMartin G. Jageles; contributing author Catherine E. Ralston. | |
| 250 | _a9th Edition | ||
| 260 | _aAustralia : | ||
| 260 | _bJohn Wiley & Sons, | ||
| 260 | _c2007 | ||
| 300 | _a596 pages : | ||
| 300 | _c24 cm. | ||
| 500 | _aIncludes index. | ||
| 650 | _aFood service -- Accounting. | ||
| 650 | _aHotels -- Accounting. | ||
| 650 | _xManagerial accounting. | ||
| 650 | _xTaverns (Inns) -- Accounting. | ||
| 999 |
_c357215 _d357215 |
||